[Event "CZE-ch 2020"]
[Site "Pilsen"]
[Date "2020.08.31"]
[Round "9.9"]
[White "Riha, Vojtech"]
[Black "Hurdzan, Tomas"]
[Result "1-0"]
[WhiteElo "2270"]
[BlackElo "2325"]
[Annotator "TA"]
[PlyCount "65"]
[EventDate "2020.08.23"]
[EventType "swiss"]
[EventCountry "CZE"]
[SourceTitle "playchess.com"]
[Source "ChessBase"]
[SourceQuality "1"]

{[%evp 9,65,0,7,6,2,0,20,21,22,0,0,0,13,-15,41,0,0,0,16,14,10,12,12,0,68,61,59,56,71,77,75,72,88,85,87,87,96,95,147,111,114,106,92,89,96,37,232,221,299,292,298,297,849,847,29978,29979,29989,29990]} 1. e4 e6 2. d4 d5 3. Nd2 Be7 4. e5 c5 5. dxc5 Nc6 6. Ngf3 {C03: French Tarrasch: Unusual Black 3rd moves.} Bxc5 7. Bd3 Nge7 8. Nb3 {The position is equal.} Bb6 9. Bf4 Ng6 10. Bg3 O-O 11. c3 {[#]} Bd7 $146 (11... f6 $11) ({Predecessor:} 11... f5 12. exf6 Qxf6 13. Bxg6 Qxg6 14. O-O Bd7 15. Nbd4 Nxd4 16. Nxd4 Qf6 17. Re1 Bxd4 18. cxd4 {1-0 (47) Alonso Moyano,J (2396)-Alexandrova,O (2419) Catalunya 2012}) 12. Qe2 f5 13. exf6 $1 Qxf6 14. Bxg6 $1 Qxg6 15. O-O Rae8 16. Nbd4 Rf6 ({Black should try} 16... Nxd4 $11 17. cxd4 Qe4) 17. Ne5 Nxe5 18. Bxe5 Rff8 19. f4 a6 20. Rf3 {Hoping for Rg3.} Rf7 21. Re1 Bxd4+ 22. Bxd4 Bb5 23. Qf2 Ref8 ({Better is} 23... Qf5) 24. h3 Qh6 {[%cal Rf7f4]} 25. Qg3 Bd7 26. Be5 Bc6 27. Qg4 (27. Rfe3 $16) 27... Qg6 $2 {[#] Black cannot hold the game after this.} (27... d4 $1 $14) 28. Qh4 $1 $18 {Rg3 is the strong threat.} Qc2 {[#]} 29. Rg3 $1 Re8 ({Don't go for} 29... Qxb2 $2 30. Qh6 $18) 30. Qh6 $1 {[%cal Rg3g7]} g6 $2 (30... Ree7 31. Bf6 Qf5 32. Bxe7 Rxe7) 31. h4 {h5 would kill now.} d4 32. h5 Be4 {[#]} 33. Rxe4 $1 {[%mdl 512] Accuracy: White = 88%, Black = 61%.} 1-0

[Event "CZE-ch 2020"]
[Site "Pilsen"]
[Date "2020.08.31"]
[Round "9.10"]
[White "Klement, Lukas"]
[Black "Hollan, Martin"]
[Result "0-1"]
[WhiteElo "2260"]
[BlackElo "2346"]
[Annotator "TA"]
[PlyCount "80"]
[EventDate "2020.08.23"]
[EventType "swiss"]
[EventCountry "CZE"]
[SourceTitle "playchess.com"]
[Source "ChessBase"]
[SourceQuality "1"]

{[%evp 15,80,21,33,25,32,30,53,40,35,24,42,33,56,34,30,8,34,-20,37,25,65,9,55,53,35,48,98,0,0,6,8,11,14,0,16,6,102,91,105,63,95,74,133,131,100,94,90,-150,-125,-220,-219,-257,-247,-285,-284,-318,-269,-395,-374,-1045,-1015,-29990,-29991,-29992,-29992,-29997,-29998]} 1. d4 Nf6 2. c4 e6 3. Nc3 Bb4 4. e3 O-O 5. Nge2 c5 6. a3 cxd4 7. exd4 Be7 8. Nf4 b6 9. Be2 {Black must now prevent Bf3. E42: Nimzo-Indian: Rubinstein: 4...c5 5 Ne2.} Bb7 10. O-O d6 11. Be3 {White is slightly better.} Nbd7 12. Rc1 Rc8 13. b4 Qc7 {[#]} 14. Nb5 $146 ({Predecessor:} 14. Qa4 Qb8 15. d5 e5 16. Nh3 a6 17. Rfd1 Qa8 18. f3 b5 19. cxb5 Nxd5 20. Nxd5 Bxd5 21. bxa6 {1-0 (29) Duemer,K-Rahner,F Germany 1995}) 14... Qb8 15. d5 e5 16. Ne6 (16. Nh3 $1 $14) 16... Rfe8 (16... fxe6 $11 17. dxe6 Nc5 $1 {[%mdl 512]} 18. bxc5 dxc5) 17. Ng5 $14 h6 {Threatens to win with ...a6.} 18. Nh3 ({Better is} 18. Nf3 $14) 18... Bf8 (18... a6 $5 19. Nc3 $8 Qa8 $11) 19. f3 a6 20. Nc3 Ba8 21. Qd2 ({White should play} 21. Qa4 $16) 21... b5 $1 $11 {[%cal Rb5c4]} 22. cxb5 axb5 23. Nf2 Rxc3 $1 24. Qxc3 Nxd5 25. Qd3 $36 {[%mdl 2048] White is pushing.} e4 (25... Nxe3 $11 {keeps the balance.} 26. Qxe3 Bd5) 26. fxe4 $16 ({Don't play} 26. Nxe4 $6 f5 $11) 26... Ne5 27. Qd4 Nxe3 28. Qxe3 d5 (28... Be7 $142) 29. Ng4 dxe4 30. Qg3 {Nxh6+ is the strong threat.} Bd6 {Hoping for ...Nf3+!} 31. Nxh6+ $2 {[#]} (31. Qb3 $16) 31... Kh7 $1 $17 {Strongly threatening ...Nf3+!} 32. Qh3 (32. Qb3 $17 Qa7+ 33. Kh1 gxh6 34. Rf6) 32... gxh6 $19 33. Rf6 {[#]} Bf8 $1 34. Qf5+ Kg8 35. Bh5 Qb7 36. Kh1 (36. Rd1 {was necessary.} Qc7 37. Qf4 Qa7+ {[%mdl 64] Double Attack} 38. Kh1) 36... e3 {[%csl Ga8][%cal Rb7g2]} ({Much less strong is} 36... Bg7 37. Rd6 $19) 37. Rcc6 $2 (37. Qh3) 37... e2 38. Bxf7+ Nxf7 {Black mates.} 39. Qg6+ Bg7 40. Rce6 e1=Q+ {Accuracy: White = 45%, Black = 75%.} 0-1

[Event "CZE-ch 2020"]
[Site "Pilsen"]
[Date "2020.08.31"]
[Round "9.11"]
[White "Cerveny, Petr"]
[Black "Freisler, Pavel"]
[Result "1-0"]
[WhiteElo "2340"]
[BlackElo "2249"]
[Annotator "TA"]
[PlyCount "61"]
[EventDate "2020.08.23"]
[EventType "swiss"]
[EventCountry "CZE"]
[SourceTitle "playchess.com"]
[Source "ChessBase"]
[SourceQuality "1"]

{[%evp 9,61,-92,43,18,41,39,38,27,31,36,35,35,74,62,68,63,83,74,99,116,97,83,98,92,113,113,299,290,319,316,334,324,360,341,420,435,474,466,466,453,557,549,841,654,639,640,617,617,741,714,742,735,735,739]} 1. e4 e5 2. Nf3 Nc6 3. Bb5 Nf6 4. Qe2 Bd6 5. d4 {[#]} Qe7 $146 (5... Nxd4 $17 6. Nxd4 exd4) ({Predecessor:} 5... Nxd4 6. Nxd4 exd4 7. e5 O-O 8. O-O Re8 9. Bf4 Nd5 10. Bg3 c6 11. Bc4 Bxe5 {½-½ (11) Georgiev,K (2525)-Gavrilakis,N (2420) Poros 1998}) 6. Bxc6 {C65: Ruy Lopez: Berlin Defence (3...Nf6), unusual lines and 4 0-0 Bc5.} dxc6 7. dxe5 Bxe5 8. Nxe5 {White is slightly better.} Qxe5 9. Nc3 {[%cal Bb1c3,Bc3a4,Ba4c5,Bc5b7][%mdl 32]} O-O 10. f3 b5 11. Be3 b4 12. Na4 a5 13. O-O-O Ba6 14. Qd2 Bb5 15. Nc5 Qe7 16. Bd4 Rfd8 {[#]} 17. Qg5 $1 Kf8 $2 {[#] This costs Black the game.} (17... Rd6 $16 {was called for.}) 18. Nb7 $1 $18 h6 {Threatens to win with ...Rxd4.} 19. Qe3 {aiming for Bc5.} Rxd4 20. Qxd4 Kg8 21. Kb1 a4 22. Nc5 b3 {White is clearly winning.} 23. cxb3 axb3 24. a4 Be2 25. Rd2 Ra5 26. Qd8+ Qxd8 27. Rxd8+ Kh7 28. Rc1 g5 29. Rd2 Ba6 30. Nxb3 Rxa4 31. Nc5 {Accuracy: White = 91%, Black = 47%.} 1-0

[Event "CZE-ch 2020"]
[Site "Pilsen"]
[Date "2020.08.31"]
[Round "9.12"]
[White "Nemec, Pavel"]
[Black "Serrano Salvador, Eduardo"]
[Result "0-1"]
[WhiteElo "2243"]
[BlackElo "2299"]
[Annotator "TA"]
[PlyCount "118"]
[EventDate "2020.08.23"]
[EventType "swiss"]
[EventCountry "CZE"]
[SourceTitle "playchess.com"]
[Source "ChessBase"]
[SourceQuality "1"]

{[%evp 17,118,0,9,-25,-20,-19,0,-53,-57,-58,-58,-47,-29,-55,-55,-55,-5,-47,-49,-53,-37,-44,-44,-39,-38,-57,-27,-12,102,-62,0,0,-3,-5,-5,-16,0,0,18,0,2,0,58,0,0,0,0,0,0,2,8,-45,0,-58,0,0,0,-22,-9,-454,-446,-439,-439,-385,-432,-821,-791,-726,0,-33,0,0,0,-850,0,-29972,-29973,-29973,-29974,-29974,-29975,-29975,-29976,-29976,-29977,-29977,-29978,-29978,-29979,-29979,-29980,-29980,-29981,-29981,-29979,-29979,-29980,-29980,-29981,-29981,-29982,-29981,-29983]} 1. e4 c5 2. Nf3 e6 3. d4 cxd4 4. Nxd4 Nc6 5. Nc3 Qc7 6. Nxc6 bxc6 7. Bd3 Nf6 8. O-O d5 9. Qe2 Be7 10. e5 {B40: Sicilian: 2...e6, Unusual lines.} Nd7 11. f4 Nc5 {[#]} 12. Qg4 $146 (12. Be3 $11) ({Predecessor:} 12. Kh1 Rb8 13. b3 Nxd3 14. cxd3 O-O 15. Bb2 f6 16. Na4 Qa5 17. Rac1 Bd7 18. exf6 Bxf6 {½-½ (68) Gosciniak,M (2132)-Kantane,A (2273) Dzwirzyno 2019}) 12... Nxd3 $15 13. cxd3 Qb6+ 14. Kh1 g6 15. Qe2 c5 16. b3 Ba6 17. Rf3 Rc8 18. Be3 Qc7 {Hoping for ...d4.} 19. Bf2 Qa5 20. Be1 {Black should prevent Nxd5!} Qb6 21. Rb1 Qc6 22. Bf2 f5 (22... Qa8 $11 {remains equal.}) 23. Qe1 $2 (23. exf6 $1 $16 Bxf6 24. Na4) 23... Qd7 (23... d4 $15 24. Na4 h6) 24. Bh4 $11 O-O 25. Bxe7 Qxe7 26. Na4 Rc6 27. h4 h5 28. Kh2 Rb8 29. Kg3 Rb4 (29... Bb5 $11) 30. a3 (30. Rc1 $1 $14) 30... Rb8 31. b4 cxb4 32. axb4 d4 33. Nc5 Bc8 34. Ra1 (34. Rf2 $11) 34... Rcb6 35. Ra4 {[#]} ({Better is} 35. Rf2 $11) 35... Rb5 (35... a5 $1 $15 {[%mdl 512]} 36. Rf2 (36. Rxa5 Rxb4) 36... axb4) 36. Rf2 a5 $1 {[%cal Rb5b4]} 37. Rfa2 Rxb4 38. Rxa5 $2 {[%mdl 8192]} (38. Rc2 $11) 38... Rb1 $1 $19 {[%cal Rb1e1]} 39. Qf2 Rh1 40. Kf3 Bb7+ $1 41. Nxb7 (41. Ke2 $142 Bd5 42. Na6) 41... Qxb7+ 42. Kg3 {[#]} Qe7 $2 $40 {[%mdl 128] Black is up to no good.} (42... g5 $1 $19 {[%cal Rg5h4][%mdl 512]} 43. fxg5 Qb1) 43. Kf3 $15 Rxh4 {Threatens to win with ...g5.} (43... Kh7 $5 {[%cal Rh7h6]}) 44. Ra7 Qd8 {aiming for ...Qd5+.} 45. Rc2 $2 {[%mdl 8192] Black continues to play with concentration.} (45. Qc2 $11) 45... Rg4 $2 (45... Qd5+ $19 46. Ke2 Rh2) 46. Rcc7 $2 {[%mdl 8192]} (46. Rc5 $11 Kh8 47. Rac7) 46... Qd5+ {Black mates.} 47. Ke2 Rxg2 48. Rg7+ Kf8 49. Raf7+ Ke8 50. Re7+ Kd8 51. Rd7+ Qxd7 52. Rxd7+ Kxd7 53. Qxg2 {[%mdl 4096] Endgame KQ-KR} Rb2+ {[%mdl 64] Skewer} 54. Kf3 Rxg2 55. Kxg2 Kc6 56. Kh3 Kc5 57. Kh4 Kb4 58. Kg5 Kc3 59. Kf6 h4 {Accuracy: White = 64%, Black = 76%.} 0-1

[Event "CZE-ch 2020"]
[Site "Pilsen"]
[Date "2020.08.31"]
[Round "9.13"]
[White "Rabatin, Jakub"]
[Black "Svanda, Ondrej"]
[Result "1-0"]
[WhiteElo "2291"]
[BlackElo "2250"]
[Annotator "TA"]
[PlyCount "171"]
[EventDate "2020.08.23"]
[EventType "swiss"]
[EventCountry "CZE"]
[SourceTitle "playchess.com"]
[Source "ChessBase"]
[SourceQuality "1"]

{[%evp 15,171,-11,39,34,58,12,36,4,12,12,88,68,60,77,75,108,85,2,24,29,62,60,61,61,66,38,68,0,0,0,0,0,55,55,125,108,133,131,125,125,110,125,127,94,262,243,251,250,310,299,299,295,474,466,29959,685,763,676,569,250,507,29,499,11,44,0,478,471,987,868,585,470,456,410,325,235,235,235,254,235,235,235,235,235,235,235,235,235,235,235,226,226,226,79,226,226,235,218,235,238,512,498,997,775,4594,967,735,899,756,674,718,671,434,420,420,399,399,218,218,218,218,218,218,211,211,211,211,211,4992,4029,2826,1726,1672,1276,1418,1021,29944,29946,1486,1486,5700,309,4602,309,29957,29958,29972,29973,29971,12848,29975,29979,29979,29980,29980,29981,29981,29982]} 1. e4 c5 2. Nf3 d6 3. d4 cxd4 4. Nxd4 Nf6 5. Nc3 a6 6. f4 e5 7. Nf3 Qc7 8. Bd3 $1 {8.Bd3 scores better than 8.a4.} Be6 9. Qe2 {B93: Sicilian Najdorf: 6 f4.} b5 10. O-O Nbd7 11. Kh1 {White is slightly better.} Be7 12. Bd2 Rc8 {[#]} (12... O-O $11 {remains equal.}) 13. a4 $146 {[%cal Ra4b5]} ({Predecessor:} 13. fxe5 dxe5 14. Nh4 g6 15. Qf3 Bg4 16. Qg3 Be6 17. Rae1 b4 18. Nd1 Bc4 19. Ne3 Bxd3 20. cxd3 {1-0 (31) Barskij,V (2325)-Naidoski,T Moscow 1992}) 13... b4 14. Nd5 $1 {[%cal Rd5c7]} Nxd5 15. exd5 Bxd5 16. Rae1 (16. Bxb4 $16 Bc4 17. fxe5 Nxe5 18. Nxe5 dxe5 19. Bxe7 Bxd3 20. Qxd3 Qxe7 21. Qxa6) 16... O-O 17. Bxb4 {[%cal Rf4e5]} a5 18. Bc3 Nc5 19. fxe5 Nxd3 20. cxd3 Qb7 21. Qf2 (21. exd6 $14 Bxd6 22. Nh4 (22. Bxa5 Qb3 $14)) 21... dxe5 $11 22. Nxe5 f6 23. Ng4 Bc5 (23... Bc6 $11) 24. Qg3 $14 {[%cal Rg4f6]} Kh8 {[#]} ({Black should try} 24... Qc7 $14) 25. Nxf6 $1 $16 {[%mdl 512]} Bd6 (25... gxf6 $2 26. Rxf6 Bxg2+ 27. Qxg2 $18) (25... Rxf6 26. Rxf6) 26. Qxd6 Bxg2+ 27. Kg1 Bxf1 28. Rxf1 $40 {[%mdl 128] And now Ne4 would win. White goes for the king.} Qf7 {[%mdl 64] Pin} 29. Rf2 {Black must now prevent Ne4.} (29. Bxa5 $6 Qg6+ 30. Qg3 Rxf6 $11) 29... Rxc3 $2 (29... Rcd8 $16 30. Qg3 gxf6) 30. bxc3 $18 gxf6 $16 {[%mdl 4096] Endgame KQR-KQR} 31. c4 Qe8 {intending ...Qe1+.} 32. Kf1 Qc8 33. Rf3 Rf7 $2 (33... Qb8 {was called for.} 34. Qxb8 Rxb8 35. Rxf6 Rb4) 34. c5 $18 Qb7 (34... h6 $18 35. Kf2 Kh7) 35. c6 (35. Qd8+ $142 Kg7 36. Rg3+ Kh6 37. Qd4 Qh1+ 38. Kf2 Qxh2+ 39. Rg2 Qh1 40. Qf4+ Kh5 41. Qg4+ Kh6 42. d4 Qxg2+ 43. Qxg2) 35... Qb2 36. Qd8+ Kg7 37. Rg3+ Kh6 38. Qd5 $2 (38. Qe8 $18 {Qe3+ would kill now.} Qc1+ 39. Kg2 Qd2+ 40. Kh3) 38... Re7 $2 {[%mdl 8192]} (38... Qc1+ $11 {and Black has nothing to worry.} 39. Kg2 Rc7) 39. Rh3+ $2 (39. Qf3 $1 $18 {[%cal Rf3f4] Intending Qf4+ and mate.} Qc1+ 40. Kg2) 39... Kg7 $11 {( -> ...Qe2+)} 40. Rg3+ $2 {[%mdl 8192]} (40. Qg2+ $14 Qxg2+ 41. Kxg2) 40... Kh6 $18 41. Qf3 $1 {[%cal Rf3f4] Threatening mate with Qf4+.} Qb1+ (41... Qc1+ $142 42. Kg2 f5) 42. Kg2 Qa2+ 43. Kh3 Qe6+ 44. Kh4 {[%csl Gh4][%cal Rf3h5]} Qe5 45. d4 Qxd4+ 46. Rg4 Qe5 47. Qf4+ Qxf4 48. Rxf4 {KR-KR} Kg6 49. Rc4 {Hoping for c7.} Rc7 50. Kg4 $1 f5+ 51. Kf4 {aiming for Ke5.} Kf6 52. Rc5 Ke6 53. h4 $1 (53. Rxa5 Rxc6 54. Re5+ Kd7 $16) 53... Kd6 54. Rxf5 (54. Rxa5 $18 {is the precise move to win.} Kxc6 55. Kxf5 (55. Rxf5 Rd7 $16)) 54... Kxc6 (54... Rxc6 $16 55. Rxa5 Rc4+ 56. Kg5 h6+ 57. Kh5 (57. Kxh6 Rxh4+ 58. Kg6 Kc6 $11) 57... Ke7 58. Ra7+ (58. Kxh6 Rxh4+ 59. Kg6 Kd6 $11) 58... Ke6) 55. Rxa5 Kd7 56. Kg5 Rc6 57. Ra7+ Ke8 $2 (57... Kd8 58. Rxh7 Ra6) 58. h5 Kf8 59. a5 Kg8 60. Re7 (60. h6 $142 Rc5+ 61. Kf4 Rc4+ 62. Kf5 Rc5+ 63. Ke4 Rc4+ 64. Kd5) 60... Kf8 {[#]} 61. Re5 $1 Kf7 62. Rb5 Ra6 63. Kf5 Ra7 64. Ke5 Ke7 65. Kd5 {Threatens to win with Kc6.} Kd7 66. Kc5 (66. Rc5 $142 Ra8 67. Kc4) 66... Kc7 67. Kb4 Ra6 68. Rf5 Rh6 69. Kb5 Kb7 70. Rg5 Kb8 71. Rc5 Rd6 $2 (71... Kb7 72. Rd5 Kb8) 72. Rc6 Rd7 73. Kb6 Rb7+ {[#]} 74. Kc5 $1 Ra7 75. a6 Rf7 76. Kd6 Ka7 77. Ke6 Rf1 78. Ke7 $2 (78. h6 Kb8 79. Ke7) 78... Rf2 $2 (78... h6 79. Rxh6 Rf5) 79. Rh6 $2 (79. h6 Rf3 80. Re6) 79... Rf1 $2 (79... Rf5 $18 80. Rxh7 Rb5) 80. Rxh7 Kxa6 81. Rf7 Rh1 82. Rf6+ Kb7 83. h6 {White mates.} Kc7 84. Kf7 Kd7 85. Kg7 Ke7 86. Rg6 {Accuracy: White = 66%, Black = 52%.} 1-0

[Event "CZE-ch 2020"]
[Site "Pilsen"]
[Date "2020.08.31"]
[Round "9.14"]
[White "Vorisek, Jaroslav"]
[Black "Eret, Jonas"]
[Result "1-0"]
[WhiteElo "2279"]
[BlackElo "2219"]
[Annotator "TA"]
[PlyCount "41"]
[EventDate "2020.08.23"]
[EventType "swiss"]
[EventCountry "CZE"]
[SourceTitle "playchess.com"]
[Source "ChessBase"]
[SourceQuality "1"]

{[%evp 13,41,23,40,10,61,23,121,112,165,159,153,161,146,173,210,206,210,199,219,219,426,397,478,490,403,353,352,341,954,936]} 1. d4 e6 2. c4 Nf6 3. g3 d5 4. Bg2 c6 5. Nf3 Bd6 6. Qc2 Ne4 7. O-O Nd7 8. Ne1 {E01: Catalan: Early deviations.} f5 (8... O-O $11) 9. Nd3 {[#]} g5 $146 (9... O-O $11) ({Predecessor:} 9... Qf6 10. Be3 dxc4 11. Qxc4 Nb6 12. Qc1 Nd5 13. Nc3 Nexc3 14. bxc3 O-O 15. Bd2 e5 {1-0 (35) Gagunashvili,M (2574)-Barua,D (2473) Dhaka 2009}) 10. cxd5 $16 {White is better.} cxd5 (10... exd5 $16 11. f3 Nxg3 12. hxg3 Bxg3) 11. f3 $18 Nxg3 12. hxg3 Bxg3 13. e4 dxe4 14. fxe4 Nf6 15. Nc3 ({Worse is} 15. Bxg5 Qxd4+ 16. Nf2 Rg8 $11) 15... Qxd4+ 16. Kh1 {[#] aiming for Ne2.} Nxe4 $2 (16... fxe4 {was worth a try.} 17. Qa4+ (17. Bxg5 exd3 18. Bxf6 Qe3 $14) 17... Qxa4 18. Nxa4 exd3) 17. Nxe4 fxe4 18. Qe2 Qg7 ({Not} 18... Qxd3 $2 19. Qh5+ Kd7 20. Rd1) 19. Bxe4 {And now Qh5+ would win.} Qh6+ 20. Kg1 {Black must now prevent Ne5!} e5 $2 {[#]} (20... Qh4 21. Bd2 Bd6) 21. Nxe5 $1 {[%mdl 512] Black got outplayed after the opening. Accuracy: White = 83%, Black = 28%.} 1-0

[Event "CZE-ch 2020"]
[Site "Pilsen"]
[Date "2020.08.31"]
[Round "9.15"]
[White "Pychova, Nela"]
[Black "Stalmach, Richard"]
[Result "0-1"]
[WhiteElo "2159"]
[BlackElo "2273"]
[Annotator "TA"]
[PlyCount "88"]
[EventDate "2020.08.23"]
[EventType "swiss"]
[EventCountry "CZE"]
[SourceTitle "playchess.com"]
[Source "ChessBase"]
[SourceQuality "1"]

{[%evp 24,87,-2,-2,-2,-2,-2,0,0,-3,-13,-37,-21,-34,-39,-39,-39,-42,-24,-24,-19,-35,-33,-20,-33,-66,-27,-28,-22,-74,-76,-67,-66,-92,-70,-64,-47,-47,-47,-43,-45,-42,-44,-145,-23,-33,0,0,0,0,0,0,0,0,0,-29982,-29983,-29987,-29988,-29988,-29989,-29989,-29990,-29998,-29999,-29999]} 1. c4 g6 2. Nc3 Bg7 3. g3 d6 4. Bg2 e5 5. Nf3 Nf6 6. O-O O-O 7. d3 h6 8. Rb1 a5 9. a3 {[%cal Ba2a3,Ba3b4,Bb4b5][%mdl 32]} Re8 10. Nd2 c6 11. b4 axb4 12. axb4 d5 13. b5 Be6 {A24: English Opening vs King's Indian: Lines without ...Nc6.} 14. Bb2 Nbd7 15. Ra1 Bf8 {The position is equal.} 16. Qc2 {[#]} d4 $146 ({Predecessor:} 16... Rc8 17. bxc6 bxc6 18. Na4 Qc7 19. Rfc1 d4 20. Ba3 Bxa3 21. Rxa3 Rb8 22. Rca1 Rb4 {0-1 (59) Prodileanu,A (2236)-Banzea,A (2401) Mamaia 2019}) 17. Nce4 (17. Rxa8 {feels hotter.} Qxa8 18. bxc6 bxc6 19. Nce4 Nxe4 20. Bxe4 Bg4 21. Ra1) 17... cxb5 18. Nxf6+ Nxf6 19. Bxb7 Rxa1 20. Rxa1 Qc7 21. Ba6 Rb8 22. Qc1 b4 23. Bb5 Bc8 24. Qd1 Nd7 (24... Nd5 $5 25. cxd5 Rxb5 $17) 25. Nb3 Bb7 26. Ra7 {[#]} (26. Qd2 $11 {remains equal.}) 26... Nc5 $1 $17 27. Nxc5 Bxc5 28. Ra4 h5 29. Qd2 Qe7 30. f3 Kg7 31. Bc1 Rh8 32. h4 Qe6 33. Kh2 {[#]} (33. Qe1 $15) 33... f6 ({Black should play} 33... b3 $1 $17 {White should prevent ...e4!} 34. Qe1 Rc8) 34. Qe1 Qf5 35. Bd2 g5 36. Bxb4 Bxb4 37. Qxb4 gxh4 38. Qe7+ Kh6 $1 39. Ra7 $2 {[%mdl 8192]} (39. Qxb7 $11 Qg5 40. g4 Qf4+ 41. Kg1 (41. Kh1 Qc1+ 42. Kh2 hxg4 $11) 41... Qe3+ 42. Kh1 Qc1+ 43. Kh2 (43. Kg2 h3+ 44. Kh2 hxg4 $17) 43... hxg4 44. Qf7 (44. fxg4 Qf4+ 45. Kg1 Qc1+ 46. Kf2 Qe3+ 47. Kf1 Qc1+ 48. Kf2 Qe3+ 49. Kf1 Qc1+ 50. Kf2 $11) 44... Qf4+ {[%mdl 64] Double Attack} 45. Kh1 Qc1+ 46. Kh2 Qf4+ {[%mdl 64] Double Attack} 47. Kh1 Qc1+ 48. Kh2) 39... Qg5 {Black mates.} 40. Rxb7 Qxg3+ 41. Kh1 Qh3+ 42. Kg1 Rg8+ 43. Kf2 Qg3+ 44. Kf1 Qg1# {Accuracy: White = 76%, Black = 84%.} 0-1

[Event "CZE-ch 2020"]
[Site "Pilsen"]
[Date "2020.08.31"]
[Round "9.16"]
[White "Gnojek, Petr"]
[Black "Simek, Petr"]
[Result "0-1"]
[WhiteElo "2225"]
[BlackElo "2324"]
[Annotator "RC"]
[PlyCount "90"]
[EventDate "2020.08.23"]
[EventType "swiss"]
[EventCountry "CZE"]
[SourceTitle "playchess.com"]
[Source "ChessBase"]
[SourceQuality "1"]
[TimeControl "40/5400+30:1800+30"]

1. d4 {[%emt 0:00:00]} Nf6 {[%emt 0:00:00]} 2. c4 {[%emt 0:00:00]} e6 {[%emt 0:00:00]} 3. Nc3 {[%emt 0:00:00]} Bb4 {[%emt 0:00:00]} 4. Qc2 {[%emt 0:00:00]} d5 {[%emt 0:00:03]} 5. cxd5 {[%emt 0:00:00]} exd5 {[%emt 0:00:09]} 6. Bg5 {[%emt 0:00:13]} h6 {[%emt 0:00:21]} 7. Bh4 {[%emt 0:00:39]} c5 {[%emt 0:00:13]} 8. dxc5 {[%emt 0:00:32]} Be6 {[%emt 0:00:25]} 9. e3 {[%emt 0:01:04]} O-O {[%emt 0:00:06]} 10. Nf3 {[%emt 0:04:04]} Nbd7 {[%emt 0:00:11]} 11. Be2 {[%emt 0:01:06]} Rc8 {[%emt 0:00:22]} 12. O-O {[%emt 0:04:38]} Nxc5 {[%emt 0:00:49]} 13. Rac1 {[%emt 0:02:19]} Nce4 {[%emt 0:09:04]} 14. Qd3 {[%emt 0:09:06]} Qa5 {[%emt 0:10:10]} 15. Bxf6 {[%emt 0:08:13]} Nxf6 {[%emt 0:00:10]} 16. Nd4 {[%emt 0:13:14]} a6 {[%emt 0:33:20]} 17. Nb3 {[%emt 0:07:09]} Qb6 {[%emt 0:07:07]} 18. Bf3 {[%emt 0:02:06]} Bxc3 {[%emt 0:08:22]} 19. Rxc3 {[%emt 0:00:24]} Rxc3 {[%emt 0:00:06]} 20. Qxc3 {[%emt 0:00:13]} Rc8 {[%emt 0:00:05]} 21. Qd4 {[%emt 0:01:51]} Qxd4 {[%emt 0:00:09]} 22. Nxd4 {[%emt 0:00:12]} Kf8 {[%emt 0:00:14]} 23. Rd1 {[%emt 0:00:52]} Ke7 {[%emt 0:00:12]} 24. Kf1 {[%emt 0:02:17]} Rc5 {[%emt 0:07:51]} 25. h3 {[%emt 0:06:25]} Ne8 {[%emt 0:02:40]} 26. Ke2 {[%emt 0:03:10]} Nd6 {[%emt 0:00:38]} 27. b3 {[%emt 0:03:17]} a5 {[%emt 0:01:20]} 28. Kd2 {[%emt 0:04:43]} Kf6 {[%emt 0:02:33]} 29. Rc1 {[%emt 0:02:17]} Rxc1 {[%emt 0:03:54]} 30. Kxc1 {[%emt 0:00:11]} Ke5 {[%emt 0:00:41]} 31. Kd2 {[%emt 0:02:50]} g5 {[%emt 0:02:57]} 32. Kd3 {[%emt 0:03:02]} Bd7 {[%emt 0:06:26]} 33. g4 {[%emt 0:10:09]} b6 {[%emt 0:04:25]} 34. a4 {[%emt 0:03:14]} Ne4 {[%emt 0:01:11]} 35. Bxe4 {[%emt 0:00:06]} dxe4+ {[%emt 0:00:02]} 36. Kc4 {[%emt 0:00:10]} f5 {[%emt 0:00:03]} 37. gxf5 {[%emt 0:04:25]} Bxf5 {[%emt 0:00:21]} 38. Kb5 {[%emt 0:01:22]} h5 {[%emt 0:00:18]} 39. Kxb6 {[%emt 0:00:08]} h4 {[%emt 0:00:29]} 40. Kxa5 {[%emt 0:02:52]} g4 {[%emt 0:00:55]} 41. Kb6 {[%emt 0:03:27]} gxh3 {[%emt 0:02:52]} 42. a5 {[%emt 0:00:03]} h2 {[%emt 0:04:48]} 43. a6 {[%emt 0:01:13]} h1=Q {[%emt 0:00:29]} 44. a7 {[%emt 0:00:05]} Qa1 {[%emt 0:00:32]} 45. Kb7 {[%emt 0:06:18]} Be6 {[%emt 0:01:12]} 0-1